03659cam a22004217a 450000100190000000500170001900600190003600700150005500800410007002000180011103500260012903500280015503500220018303500240020503500300022904000260025904100080028505000130029310000350030624501650034126000510050630000730055750000520063052020340068258800470271665000530276365000410281665000310285765000260288865000320291465000410294665000290298765000480301670000500306494200080311495201000312299900150322299110745244520619620251002124101.0m o d cr cnu||||||||241214s2025 nju o 000 0 eng d a9781394288823 a(CKB)5670000001013139 a(CaSebORM)9781394288823 a(OCoLC)1478696205 a(OCoLC-P)1478696205 a(EXLCZ)995670000001013139 aOCoLC-PbengcOCoLC-P aeng 4aHC79.I55 aLeGrande, Craigeauthor92597510aAI-driven value managementb: how AI can help bridge the gap across the enterprise to achieve customer successc/ Craig LeGrande, Venkataraman Lakshminarayanan. aHoboken, NJ :bJohn Wiley & Sons, Inc.,c2025. a234 pages :billustrations, tables, charts (black and white)c24 cm. aDescription based upon print version of record. aUnlock the power of generative AI to transform your enterprise B2B sales and marketing strategies In AI-Driven Value Management: How AI Can Help Bridge the Gap Across the Enterprise to Achieve Customer Success, authors Craig LeGrande and Venky Lakshminarayanan reveal how artificial intelligence can revolutionize B2B value management. This book lays out a first-ever strategic blueprint for cost-effectively scaling value management programs. Value management is the art and science of orchestrating all the business functions in your company to envision and create exceptional value for your customers - and in the process enhance your pipeline, revenue and renewals. It's designed for business leaders who are looking to harness AI to gain a competitive edge and boost pipeline, revenue and expansions, effectively solving the problem of expensive scaling in business-to-business sales and marketing. Dive into the core of AI-empowered Value Management (AI-VM) through a detailed exploration of a comprehensive AI-driven value management blueprint. This guide uses real-world success stories and cutting edge AI technology solutions to illustrate how businesses can combine people, processes, and technology to execute value management at scale, enhancing efficiency and effectiveness. In this book, you'll: Learn from the successes and strategies of leading companies like Salesforce, ServiceNow, and Amazon Web Services Discover the AI-VM Blueprint, an integrated framework that lays out strategic, operational, and technological guidelines for deploying AI-driven value management Equip your team with actionable insights and tools to innovate and implement AI in your sales, marketing and customer success strategies effectively AI-Driven Value Management is essential reading for B2B professionals eager to leverage AI for business growth. If you are a business leader, manager, or professional aiming to integrate AI into your value management practices, this book will provide you with the knowledge and tools you need. aOCLC-licensed vendor bibliographic record. 0aArtificial intelligencexEconomic aspects925976 0aValue analysis (Cost control)925977 0aIndustrial marketing92314 0aSales management9291 0aMarketingxManagement99256 0aCustomer relationsxManagement99249 0aStrategic planning93573 0aTechnological innovationsxManagement92562 aLakshminarayanan, Venkataramaneauthor925978 2lcc 00102lcc4070aTBSbTBSd2025-10-02l0oHF5415.1255 LEGpB07640r2025-10-02t1w2025-10-02y1 c4995d4995